Culture Générale - Série 2079 - Statistiques

Statistiques générales
  • Ce quiz a été pris 149 fois
  • Le résultat moyen est 6 sur 10
Statistiques - réponses
Question Réponse % Correct
A quel pays appartient l'île de Crète ? Grèce
100%
Dans quel pays se situe le lac de Côme ? Italie
89%
Dans quel pays peut-on admirer le temple d'Angkor Vat ? Cambodge
83%
Quelle est la capitale du Vénézuéla ? Caracas
69%
Quel département français porte le numéro 23 ? Creuse
62%
De quel pays Naypyidaw est-elle la capitale ? Birmanie
57%
Dans quelle province canadienne se trouve la ville de Toronto ? Ontario
48%
Dans la chanson "L'été indien" de Joe Dassin, de 1975, donnez le prénom et le nom de l'artiste peintre citée dans les paroles ? Marie Laurencin
34%
Dans quelle ville d'Asie se situe le pont Banpo ? voir photo Séoul
10%
Gouffre, aven ou doline d'effondrement, en milieu karstique, totalement ou partiellement rempli d'eau.- anagramme "contée" cénote
4%
Aucun quiz correspondant
Distribution des résultats
% des personnes avec chaque résultat
Percentile par nombre de réponses
Votre historique - résultats
Vous n’avez pas pris ce quiz